000 00512nam a2200145Ia 4500
008 231129s2012||||xx |||||||||||||| ||spa||
020 _a978-958-761-093-2
040 _bspa
082 _a338.769 M971s
100 _aMuñoz Robledo José Fernando
245 0 _aSistemas constructivos-arquitecturas de baja altura en Manizales
260 _c2012
264 _aManizales Colombia : Universidad Nacional de Colombia. Facultad de Ingenierí­a y Arquitectura
942 _2ddc
_cBKS
999 _c24678
_d24678